000 00289nam a2200133 i 4500
001 bg
100 1 _aSTYCZEŃ, Tadeusz
245 0 _aABC etyki /
_cT. Styczeń.
260 _aLublin,
_c1983.
040 _cBPK
041 _apol
942 _cKS
008 s pl f |000 0 pol
999 _c21671
_d21671
856 _uhttp://koha.tu.koszalin.pl/cgi-bin/koha/opac-detail.pl?biblionumber=21671
_yKatalog online BPK